00592nam a2200193Ia 4500003000900000008004100009020001800050040001600068080002100084100001900105245011200124260004200236300001000278650004100288650002000329650001800349650000800367700002300375IN-BaIIA211028s9999 xx 000 0 eng d a90-277-1120-8 cIIA Library a082.2:52bIAU-86 aKundu, Mukul R 0aRadio Physics of the SuncMukul R Kundu and Thomas E Gergely  aDordrechtbD. Reidel Publishingc1980 a475p. aAstronomy and Astrophysics Thesaurus aRadio Astronomy aSolar Physics aSun aGergely, Thomas E.